| 000 | 00541nam a2200169Ia 4500 | ||
|---|---|---|---|
| 008 | 191130s1992##################000#0#eng## | ||
| 020 | _a9780327130413 | ||
| 040 |
_aACL _cACL |
||
| 082 | _a348.7323 UNI.7 | ||
| 245 |
_aUnited States code service: agriculture 2201-5600 end index title 7 USCS _cUnited States |
||
| 260 |
_aNew York _bLawyers Cooperative, LexisNexis _c1992 |
||
| 300 | _axix,783p; 24cm | ||
| 650 | _aLaw | ||
| 990 | _ae9a590fdac10000c5172abfda3645505 | ||
| 991 | _a376730 | ||
| 999 |
_c86438 _d86438 |
||